MARC

LEADER 00000nam0a2200000 4500
001 159951
005 20231031155415.0
010 |a 5020031674 
020 |a RU  |b 92-1757 
035 |a (RuTPU)RU\TPU\book\173471 
090 |a 159951 
100 |a 20090516d1991 k a0rusy5003 ca 
101 0 |a rus 
102 |a RU 
105 |a a z 001zy 
200 1 |a Петрология и геохимия алданских рапакиви  |f П. Г. Недашковский, А. М. Ленников  |g Академия наук СССР (АН СССР), Дальневосточное отделение (ДВО), Дальневосточный геологический институт ; под ред. И. Н. Говорова 
210 |a Москва  |c Наука  |d 1991 
215 |a 133 с.  |c ил.  |d 22 см 
320 |a Библиогр.: с. 122-131. (179 назв.) 
610 1 |a гранитоиды 
610 1 |a геохимия 
610 1 |a докембрийские отложения 
610 1 |a петрография 
610 1 |a Алданский щит 
675 |a 552.321.33:553.063  |z rus 
700 1 |a Недашковский  |b П. Г.  |g Петр Григорьевич  |4 070 
701 1 |a Ленников  |b А. М.  |g Александр Михайлович  |4 070 
702 1 |a Говоров  |b И. Н.  |4 340 
712 0 2 |a Академия наук СССР (АН СССР)  |b Дальневосточное отделение (ДВО)  |b Дальневосточный геологический институт  |2 stltpush  |3 (RuTPU)RU\TPU\col\13467 
801 0 |a RU  |b RuMRKP  |c 19950417  |g psbo 
801 1 |a RU  |b 63413507  |c 20090516  |g PSBO 
801 2 |a RU  |b 63413507  |c 20100204  |g PSBO 
942 |c BK